| 000 | 00727nam a2200229Ia 4500 | ||
|---|---|---|---|
| 005 | 20241216010327.0 | ||
| 008 | 180423s9999||||xx |||||||||||||| ||und|| | ||
| 020 | _a9972-221-29-6 | ||
| 082 |
_a362.4 _bF81 |
||
| 100 | _aFRANCKE BALLVE PEDRO Y OTROS | ||
| 245 | 0 |
_aPLAN DE IGUALDAD DE OPORTUNIDADES PARA LAS PERSONAS CON DISCAPACIDAD 2003-2007 _bBALANCE Y PROPUESTA |
|
| 250 | _a1 | ||
| 260 |
_aLIMA-PERU _bCONGRESO DEL PERU _c2006 |
||
| 300 |
_a118 pag. _c24 cm |
||
| 341 | _h0 | ||
| 490 |
_v0 _a0 |
||
| 505 | _aDISCAPACITADOS/INCAPACITADOS/IMPEDIDOS/POLITICAS PUBLICAS/IGUALDAD DE OPORTUNIDADES | ||
| 541 |
_aD _bCONGRESO DEL PERU _d25-Jul-14 |
||
| 650 | _aCIENCIAS SOCIALES | ||
| 856 | _zHumanidades | ||
| 942 | _cLIBRO | ||
| 999 |
_c11520 _d11520 |
||